01026nas a2200253Ia 4500001001100000003000900011008004100020040001300061040001300074041001300087100003800100210001000138222001000148245007300158250001100231260004100242501008600283300001800369362003400387500026200421650003900683700002100722700002900743R455/G6307IT-RoPAU151124c99999999xx |||||||||||| ||und|| aIT-RoPAU cIT-RoPAU aITALIANO aAA.VV. gCodice Aut. SPICS: 12000 aJESUS aJesus aJESUS, ANNO 23-N.01 (GENNAIO 2001)bDossier: Viaggio In Guerra Santa a1a ed. aALBA (CN)bPERIODICI SAN PAOLOc2001 bPaulus - SPICS - Società San Paolo EM (non-commercial uses only)cCopyright2015 a13 p. [49-61] aANNO 023, N.01 (GENNAIO 2001) aConflitto tra Israele e Palestina. i Figli di Abramo (Ebrei, Cristiani e Musulmani) Si Trovano Ancora una Volta di Fronte Allo Smacco della Pace, al Riesplodere della Violenza, al Rigurgito degli Estremismi. Quale è il Ruolo Delle Fedi in Questo Tragico  aPASTORALEvPUBBLICAZIONE PERIODICA aValle Annachiara gCodice Aut. SPICS: 54920